Environmental science : (Record no. 22343)

MARC details
000 -LEADER
fixed length control field 01135cam a2200289 a 4500
001 - CONTROL NUMBER
control field 12339136
003 - CONTROL NUMBER IDENTIFIER
control field OSt
005 - DATE AND TIME OF LATEST TRANSACTION
control field 20211210180235.0
008 - FIXED-LENGTH DATA ELEMENTS--GENERAL INFORMATION
fixed length control field 010308s2002 njua b 001 0 eng
010 ## - LIBRARY OF CONGRESS CONTROL NUMBER
LC control number 2001021518
020 ## - INTERNATIONAL STANDARD BOOK NUMBER
International Standard Book Number 0130325384
040 ## - CATALOGING SOURCE
Original cataloging agency DLC
Transcribing agency HU
Modifying agency DLC
050 00 - LIBRARY OF CONGRESS CALL NUMBER
Classification number GE105
Item number .N42 2002
082 00 - DEWEY DECIMAL CLASSIFICATION NUMBER
Classification number 363.7WRI2002
Edition number 21
100 1# - MAIN ENTRY--PERSONAL NAME
Personal name Wright, Richard T.,
Dates associated with a name 1933-
9 (RLIN) 12566
245 10 - TITLE STATEMENT
Title Environmental science :
Remainder of title toward a sustainable future /
Statement of responsibility, etc. Richard T. Wright, Bernard J. Nebel.
250 ## - EDITION STATEMENT
Edition statement 8th ed.
260 ## - PUBLICATION, DISTRIBUTION, ETC.
Place of publication, distribution, etc. Upper Saddle River, N.J. :
Name of publisher, distributor, etc. Prentice Hall,
Date of publication, distribution, etc. c2002.
300 ## - PHYSICAL DESCRIPTION
Extent xxi, 681 p. :
Other physical details col. ill. ;
Dimensions 29 cm.
500 ## - GENERAL NOTE
General note Nebel's name appears first on the previous eds.
504 ## - BIBLIOGRAPHY, ETC. NOTE
Bibliography, etc. note Includes bibliographical references (p. 631-644) and index.
650 #0 - SUBJECT ADDED ENTRY--TOPICAL TERM
Topical term or geographic name entry element Environmental sciences
Form subdivision Textbooks.
9 (RLIN) 7415
700 1# - ADDED ENTRY--PERSONAL NAME
Personal name Nebel, Bernard J.
9 (RLIN) 19962
906 ## - LOCAL DATA ELEMENT F, LDF (RLIN)
a 7
b cbc
c orignew
d 1
e ocip
f 20
g y-gencatlg
942 ## - ADDED ENTRY ELEMENTS (KOHA)
Source of classification or shelving scheme Dewey Decimal Classification
Koha item type Books like text book referance book
Suppress in OPAC No
Holdings
Withdrawn status Lost status Source of classification or shelving scheme Damaged status Not for loan Collection code Home library Current library Shelving location Date acquired Total Checkouts Full call number Barcode Date last seen Copy number Price effective from Koha item type
    Dewey Decimal Classification     Reference Wondo Genet Library Wondo Genet Library General Stacks 12/10/2021   363.7WRI2002 WGCFNRL00007345 12/10/2021 1 12/10/2021 Books like text book referance book